| 000 | 00750nam a2200229 i 4500 | ||
|---|---|---|---|
| 003 | EG-ScBUE | ||
| 005 | 20250714093303.0 | ||
| 008 | 090205s2006 ii a f 000 0 eng d | ||
| 020 | _a8183561403 | ||
| 040 |
_aEG-ScBUE _beng _erda _cEG-ScBUE _dEG-ScBUE |
||
| 082 | 0 | 4 |
_222 _a541.36 _bTYA |
| 100 | 1 |
_aTyagi, Praveen, _eauthor. |
|
| 245 | 1 | 0 |
_aThermochemistry / _cBy Praveen Tyagi, lecturer D.P.B.S., P.G. College Anoopshahr, Bulandshahr |
| 264 | 1 |
_aNew Delhi : _bDiscovery publishing house, _c2006. |
|
| 300 |
_a257 pages : _billustrations ; _c21 cm |
||
| 336 |
_2rdacontent _atext _btxt |
||
| 337 |
_aunmediated _2rdamedia _bn |
||
| 338 |
_avolume _bnc _2rdacarrier |
||
| 650 |
_2BUEsh _aThermochemistry. |
||
| 655 | _vReading book | ||
| 942 |
_2ddc _cBB |
||
| 999 |
_c10710 _d10710 |
||